| 000 | 00681nam a2200217 i 4500 | ||
|---|---|---|---|
| 001 | 115350 | ||
| 003 | ES-MaACL | ||
| 005 | 20250825062548.0 | ||
| 007 | t| | ||
| 008 | 070307s1928 sp ||||1| spa d | ||
| 080 | _a821.134.2-22 | ||
| 100 | 1 |
_aUriarte, Luis. _9112150 |
|
| 245 | 1 | 0 |
_aContra genio, corazón _b: comedia en tres actos / _cLuis Uriarte. |
| 260 |
_aMadrid : _bPrensa Moderna, _c1928. |
||
| 300 |
_a68 p. ; _c17 cm. |
||
| 490 | 1 |
_aEl Teatro moderno ; _v128 |
|
| 500 | _aEstrenada en el Teatro Chueca, de Madrid, el 14 de febrero de 1928. | ||
| 830 | 0 | 3 |
_aEl teatro moderno (Prensa Moderna) _v128 _9182365 |
| 852 |
_aES-MaACL _jC-13033 |
||
| 999 |
_c115350 _d115350 |
||